مكتبة جامعة عجلون الوطنية

فهرس بحث المكتبة

Normal view MARC view
  • ديبولد،جون ؛ مترجم:شحدة فارع

Entry Personal Name

Number of records used in: 1

001 - CONTROL NUMBER

  • control field: 16696

003 - CONTROL NUMBER IDENTIFIER

  • control field: JO-AjAnu

005 - DATE AND TIME OF LATEST TRANSACTION

  • control field: 20230606072949.0

008 - FIXED-LENGTH DATA ELEMENTS

  • fixed length control field: 230606|| aca||aabn | a|a d

040 ## - CATALOGING SOURCE

  • Original cataloging agency: JO-AjAnu
  • Transcribing agency: JO-AjAnu

100 ## - HEADING--PERSONAL NAME

  • Personal name: ديبولد،جون ؛ مترجم:شحدة فارع

670 ## - SOURCE DATA FOUND

  • Source citation: Work cat.: (JO-AjAnu)8573: ديبولد،جون ؛ مترجم:شحدة فارع, author, المبتكرون: اكتشافات العصر واختراعاته وانجازاته